[Event "2.BLW 1617 SG Köln Porz - SV Mülheim No"]
[Site "?"]
[Date "2017.05.08"]
[Round "9.5"]
[White "Nachbar, Benjamin"]
[Black "Van Den Doel, Erik"]
[Result "0-1"]
[WhiteElo "2111"]
[BlackElo "2562"]
[PlyCount "66"]
[EventDate "2017.??.??"]

1. c4 e5 2. Nc3 Nf6 3. f4 exf4 4. d4 Bb4 5. Bxf4 O-O 6. e3 Ne4 7. Qc2 Qh4+ 8.
g3 Qe7 9. Bd3 Bxc3+ 10. bxc3 f5 11. c5 d6 12. cxd6 cxd6 13. h4 Nd7 14. Bxe4
fxe4 15. Qb3+ Rf7 16. Qd5 Nb6 17. Qxd6 Qe8 18. Rh2 Bg4 19. Rb1 Rc8 20. Qa3 Qc6
21. Rc2 Nc4 22. Qxa7 b6 23. Qa6 Ra8 24. Qb5 Qxb5 25. Rxb5 Na3 26. Rcb2 Nxb5 27.
Rxb5 Rxa2 28. Rxb6 Rfa7 29. c4 Rg2 30. Kf1 Rh2 31. Rb1 h6 32. d5 Raa2 33. Be5
Rac2 0-1

[Event "2.BLW 1617 SG Köln Porz - SV Mülheim No"]
[Site "?"]
[Date "2017.05.08"]
[Round "9.6"]
[White "Rotstein, Arkadij"]
[Black "Krueger, Andre"]
[Result "1/2-1/2"]
[WhiteElo "2489"]
[BlackElo "2115"]
[PlyCount "92"]
[EventDate "2017.??.??"]

1. d4 d5 2. Bf4 Nf6 3. e3 c5 4. c3 Nc6 5. Nd2 e6 6. Bd3 Bd6 7. Bxd6 Qxd6 8. f4
cxd4 9. cxd4 Bd7 10. a3 Ne7 11. Nh3 Qb6 12. Qb3 Qxb3 13. Nxb3 Rc8 14. Nf2 h5
15. Ke2 Ng4 16. Rac1 b6 17. Nd2 Kd8 18. Nf3 f6 19. Ba6 Rxc1 20. Rxc1 Nxf2 21.
Kxf2 Nf5 22. Bd3 Nd6 23. Nd2 Bb5 24. Bb1 Be8 25. e4 dxe4 26. Nxe4 Nxe4+ 27.
Bxe4 Bf7 28. h4 Re8 29. Bc2 Re7 30. Bb3 e5 31. Bxf7 Rxf7 32. Ke3 exd4+ 33. Kxd4
Re7 34. Rc3 Ke8 35. Kd5 Re2 36. b4 Rxg2 37. Rc7 Rd2+ 38. Ke6 Re2+ 39. Kf5 Re7
40. Rxe7+ Kxe7 41. Kg6 Ke6 42. Kxg7 Kf5 43. Kh6 Kg4 44. f5 Kxh4 45. Kg6 Kg4 46.
Kxf6 h4 1/2-1/2

[Event "2.BLW 1617 SG Köln Porz - SV Mülheim No"]
[Site "?"]
[Date "2017.05.08"]
[Round "9.7"]
[White "Wagner, Leopold Franziskus"]
[Black "Malykin, Vitaly"]
[Result "0-1"]
[WhiteElo "2015"]
[BlackElo "2382"]
[PlyCount "66"]
[EventDate "2017.??.??"]

1. d4 g6 2. e4 Bg7 3. Nf3 d6 4. Nc3 e6 5. Be3 b5 6. a4 b4 7. Ne2 Bb7 8. Ng3 Nd7
9. c3 bxc3 10. bxc3 Ngf6 11. Bd3 Ng4 12. Bd2 O-O 13. h3 Ngf6 14. Qe2 e5 15. d5
Nc5 16. O-O c6 17. c4 a5 18. Rfb1 Qc7 19. Be3 Nfd7 20. Nd2 Ba6 21. Ngf1 cxd5
22. exd5 f5 23. Bxc5 Nxc5 24. Bc2 e4 25. Ra3 Rae8 26. Ne3 Bd4 27. Nb3 Nxb3 28.
Bxb3 f4 29. Nd1 f3 30. Qd2 Qc5 31. Ra2 e3 32. fxe3 Rxe3 33. Kh2 Re2 0-1

[Event "2.BLW 1617 SG Köln Porz - SV Mülheim No"]
[Site "?"]
[Date "2017.05.08"]
[Round "9.8"]
[White "Xu, Xianliang"]
[Black "Bartelt, Max Peter"]
[Result "1-0"]
[WhiteElo "2376"]
[BlackElo "1711"]
[PlyCount "87"]
[EventDate "2017.??.??"]

1. e4 d6 2. d4 Nf6 3. Nc3 g6 4. Be3 Bg7 5. Qd2 Ng4 6. Bg5 h6 7. Bh4 O-O 8. Nf3
Nc6 9. h3 Nf6 10. Be2 e5 11. dxe5 Nxe5 12. Nxe5 dxe5 13. Qxd8 Rxd8 14. Bxf6
Bxf6 15. Nd5 Bg7 16. Nxc7 Rb8 17. O-O b6 18. Rfd1 Bb7 19. Nd5 Bf8 20. Rd2 Bxd5
21. Rxd5 Rxd5 22. exd5 Rc8 23. c3 f5 24. Rd1 Bd6 25. f3 Kf7 26. Bb5 Ke7 27. Kf2
Rc5 28. a4 a5 29. Ke3 Rc8 30. Kd3 Bc5 31. Bc6 Kd6 32. Kc4 Rb8 33. b4 Bf2 34.
Rd2 Be3 35. Rb2 axb4 36. Rxb4 Rc8 37. a5 bxa5 38. Rb7 Rc7 39. Rb8 Bg5 40. Rg8
Rf7 41. Rxg6+ Kc7 42. Kc5 Rf6 43. d6+ Kb8 44. Rg8+ 1-0

[Event "2.BLW 1617 SF Katernberg - SV Hofheim"]
[Site "?"]
[Date "2017.05.08"]
[Round "9.1"]
[White "Ginsburg, Gennadi"]
[Black "Tomic, Bosko"]
[Result "1-0"]
[WhiteElo "2453"]
[BlackElo "2446"]
[PlyCount "63"]
[EventDate "2017.??.??"]

1. e4 c5 2. Nf3 d6 3. d4 cxd4 4. Nxd4 Nf6 5. Nc3 Nc6 6. Bc4 Bd7 7. O-O g6 8.
Nxc6 Bxc6 9. Nd5 Bg7 10. Bg5 O-O 11. Bxf6 exf6 12. Qf3 Re8 13. Rad1 Re5 14.
Rfe1 Rc8 15. c3 f5 16. exf5 Rxf5 17. Qe3 Re5 18. Qxa7 Ra8 19. Qb6 Qh4 20. Bb3
Rae8 21. Rxe5 Rxe5 22. Qc7 Kh8 23. Ne3 Re8 24. Bd5 Bxd5 25. Rxd5 Bh6 26. Nf1
Kg7 27. Rd4 Qg5 28. Rxd6 Re1 29. Qc4 Re8 30. Rd7 Qf5 31. Rxb7 Re4 32. Rxf7+ 1-0

[Event "2.BLW 1617 SF Katernberg - SV Hofheim"]
[Site "?"]
[Date "2017.05.08"]
[Round "9.2"]
[White "Pijpers, Arthur"]
[Black "Lobzhanidze, Davit"]
[Result "1/2-1/2"]
[WhiteElo "2473"]
[BlackElo "2430"]
[PlyCount "74"]
[EventDate "2017.??.??"]

1. e4 e5 2. Nf3 Nc6 3. Bb5 a6 4. Ba4 Nf6 5. O-O Be7 6. Re1 b5 7. Bb3 d6 8. c3
O-O 9. h3 Nb8 10. d4 Nbd7 11. Nbd2 Bb7 12. Bc2 Re8 13. Nf1 Bf8 14. Ng3 g6 15.
a4 Bg7 16. Bd3 c6 17. Be3 Qc7 18. Qd2 Nb6 19. b3 bxa4 20. bxa4 a5 21. dxe5 dxe5
22. Rab1 Nfd7 23. Qa2 Ba6 24. Red1 Bxd3 25. Rxd3 c5 26. Rb5 c4 27. Rd1 Re6 28.
Qd2 Bf8 29. Rdb1 Ra6 30. Ng5 Rf6 31. Nf1 Qd6 32. Qa2 Qd3 33. Qa1 Qd6 34. Nd2 h6
35. Ngf3 Re6 36. Qa2 Qc7 37. Kh2 Rc6 1/2-1/2

[Event "2.BLW 1617 SF Katernberg - SV Hofheim"]
[Site "?"]
[Date "2017.05.08"]
[Round "9.3"]
[White "Gurevich, Vladimir"]
[Black "Admiraal, Miguoel"]
[Result "1/2-1/2"]
[WhiteElo "2475"]
[BlackElo "2434"]
[PlyCount "69"]
[EventDate "2017.??.??"]

1. e4 c6 2. d4 d5 3. Nc3 dxe4 4. Nxe4 Bf5 5. Ng3 Bg6 6. h4 h6 7. Nf3 e6 8. h5
Bh7 9. Bd3 Bxd3 10. Qxd3 Nf6 11. Bd2 Be7 12. O-O-O O-O 13. Qe2 c5 14. dxc5 Qc7
15. Kb1 Qxc5 16. Ne4 Nxe4 17. Qxe4 Nc6 18. Be3 Qb5 19. c4 Qa4 20. b3 Qa5 21. g4
Rfd8 22. Bc1 Bf6 23. Bb2 Rxd1+ 24. Rxd1 Rd8 25. Qe2 Rxd1+ 26. Qxd1 Bxb2 27.
Kxb2 Qc5 28. Qd2 f5 29. g5 hxg5 30. Nxg5 Qe5+ 31. Qc3 Nd4 32. Qe3 Qf6 33. f4
Nc6+ 34. Kc2 e5 35. fxe5 1/2-1/2

[Event "2.BLW 1617 SF Katernberg - SV Hofheim"]
[Site "?"]
[Date "2017.05.08"]
[Round "9.4"]
[White "Kevlishvili, Robby"]
[Black "Perske, Thore"]
[Result "1/2-1/2"]
[WhiteElo "2414"]
[BlackElo "2416"]
[PlyCount "102"]
[EventDate "2017.??.??"]

1. e4 e6 2. d4 d5 3. Nd2 c5 4. Ngf3 cxd4 5. Nxd4 Nf6 6. exd5 Nxd5 7. N2f3 Bb4+
8. Bd2 O-O 9. Bxb4 Nxb4 10. c3 N4c6 11. Nxc6 Nxc6 12. Qxd8 Rxd8 13. Bb5 e5 14.
Bxc6 bxc6 15. Nd2 Be6 16. O-O-O a5 17. Rde1 Bxa2 18. Rxe5 Bd5 19. f3 a4 20. Nb1
Kf8 21. Rhe1 Rd7 22. R5e2 Be6 23. Rd2 Rxd2 24. Kxd2 Ra5 25. Na3 Rd5+ 26. Kc1
Rh5 27. h3 Rg5 28. Re2 h5 29. Nc2 Bc4 30. Rf2 Re5 31. Kd2 Rd5+ 32. Ke3 Rd3+ 33.
Kf4 f6 34. h4 c5 35. Ne3 Bf7 36. Nc2 Bc4 37. Na3 Bd5 38. Nb1 Ba2 39. Nd2 Bd5
40. Ne4 Bxe4 41. Kxe4 c4 42. g3 Kf7 43. Rf1 g5 44. Ra1 Rd2 45. Rxa4 Rxb2 46.
Rxc4 Rg2 47. Rc7+ Kg6 48. hxg5 fxg5 49. Rc6+ Kg7 50. g4 hxg4 51. fxg4 Rxg4+
1/2-1/2

[Event "2.BLW 1617 SF Katernberg - SV Hofheim"]
[Site "?"]
[Date "2017.05.08"]
[Round "9.5"]
[White "Zude, Erik"]
[Black "Scholz, Christian"]
[Result "1-0"]
[WhiteElo "2423"]
[BlackElo "2380"]
[PlyCount "143"]
[EventDate "2017.??.??"]

1. c4 Nf6 2. Nc3 g6 3. g3 Bg7 4. Bg2 d6 5. Nf3 O-O 6. O-O e5 7. d3 Nc6 8. Rb1
a5 9. a3 Re8 10. Bg5 h6 11. Bxf6 Bxf6 12. b4 axb4 13. axb4 Bg4 14. h3 Be6 15.
b5 Ne7 16. Nd2 d5 17. cxd5 Nxd5 18. Nxd5 Bxd5 19. Bxd5 Qxd5 20. Qc1 Bg5 21. Ne4
Qxe4 22. dxe4 Bxc1 23. Rfxc1 Re7 24. Rc2 Ra5 25. b6 c6 26. Rxc6 bxc6 27. b7 Re8
28. b8=Q Rxb8 29. Rxb8+ Kg7 30. Kg2 Ra2 31. Kf3 Rd2 32. Ke3 Rd6 33. Re8 Kf6 34.
Rc8 Ke7 35. Rc7+ Ke6 36. f4 f5 37. Rg7 Kf6 38. Rc7 Re6 39. exf5 gxf5 40. Kf3
exf4 41. gxf4 Kg6 42. Rd7 Kf6 43. Rc7 Kg6 44. h4 Rd6 45. Ra7 Rd5 46. Re7 Rd6
47. Re5 Rf6 48. Rc5 Kf7 49. Re5 Kg6 50. e3 Rd6 51. h5+ Kf6 52. Re8 Kf7 53. Rh8
Rf6 54. Ke2 Ke6 55. Rd8 Ke7 56. Rg8 Kd6 57. Kd3 Kc5 58. Re8 Kb4 59. Rb8+ Kc5
60. Re8 Kb4 61. e4 Rd6+ 62. Ke3 fxe4 63. Kxe4 Rd1 64. Rc8 c5 65. f5 Rf1 66. Ke5
Rh1 67. f6 Rxh5+ 68. Ke6 Rh1 69. f7 Re1+ 70. Kd5 Rd1+ 71. Ke4 Re1+ 72. Kd3 1-0

[Event "2.BLW 1617 SF Katernberg - SV Hofheim"]
[Site "?"]
[Date "2017.05.08"]
[Round "9.6"]
[White "Hoolt, Sarah"]
[Black "Zude, Arno"]
[Result "0-1"]
[WhiteElo "2442"]
[BlackElo "2394"]
[PlyCount "100"]
[EventDate "2017.??.??"]

1. e4 e5 2. Nf3 Nc6 3. Bc4 Bc5 4. d3 Nf6 5. Bb3 O-O 6. Bg5 h6 7. Bh4 Be7 8. h3
d6 9. g4 Nd7 10. Bg3 Na5 11. Nc3 c6 12. Qd2 Nxb3 13. axb3 Re8 14. Nd1 Nf6 15.
Qe2 Bf8 16. Ne3 g6 17. Nd2 Bg7 18. h4 h5 19. f3 Be6 20. Rg1 Kh8 21. Bf2 a5 22.
Ndf1 d5 23. Ng3 b5 24. gxh5 d4 25. Ng4 Nxh5 26. Nxh5 gxh5 27. Nh2 Qf6 28. f4
Qxf4 29. Qxh5+ Qh6 30. Rg5 Qxh5 31. Rxh5+ Kg8 32. Ke2 f6 33. Rg1 Bf7 34. Rf5
Kh7 35. Ng4 Re6 36. h5 Rd6 37. Bh4 Rf8 38. Nxf6+ Bxf6 39. Bxf6 Rxf6 40. Rxe5
Be6 41. Rc5 Bg4+ 42. Ke1 Kh6 43. c3 Rf2 44. Rxc6+ Kxh5 45. Rh1+ Kg5 46. Rc5+
Kg6 47. Rc6+ Kg7 48. Rc7+ Kg8 49. Rch7 Re2+ 50. Kd1 Rh2+ 0-1

[Event "2.BLW 1617 SF Katernberg - SV Hofheim"]
[Site "?"]
[Date "2017.05.08"]
[Round "9.7"]
[White "Weber, Ulrich"]
[Black "Rosen, Bernd"]
[Result "1/2-1/2"]
[WhiteElo "2358"]
[BlackElo "2312"]
[PlyCount "123"]
[EventDate "2017.??.??"]

1. Nf3 Nf6 2. g3 g6 3. Bg2 Bg7 4. d4 c5 5. O-O O-O 6. Nc3 cxd4 7. Nxd4 Nc6 8.
Nb3 d6 9. h3 Be6 10. e4 Re8 11. Nd5 Rc8 12. Re1 Ne5 13. Nd4 Bxd5 14. exd5 Qa5
15. c3 Nc4 16. Re2 Nb6 17. Nb3 Qb5 18. Rd2 Nc4 19. a4 Qd7 20. Re2 a6 21. Nd4
Nb6 22. Qb3 Qc7 23. Be3 Nc4 24. Rae1 Qb6 25. Qa2 Nd7 26. Nf3 Nxe3 27. Rxe3 Kf8
28. h4 Rc5 29. Ng5 Nf6 30. Ne4 Nxe4 31. Rxe4 h5 32. Rb4 Qc7 33. Qb3 Rb8 34. Bf1
a5 35. Rbe4 Bf6 36. Qd1 Qd7 37. Rf4 Rbc8 38. Bb5 Rxb5 39. axb5 Qxb5 40. Qd2 Kg7
41. Rd1 b6 42. Re4 Qb3 43. Re2 Rc5 44. Qd3 Rc4 45. Red2 Ra4 46. Qc2 Qxc2 47.
Rxc2 Ra2 48. Kf1 a4 49. Rdc1 g5 50. hxg5 Bxg5 51. f4 Bf6 52. Ke2 Kg6 53. Kf3
Kf5 54. Rh1 a3 55. Rxh5+ Kg6 56. Rhh2 axb2 57. Rxb2 Ra5 58. Rxb6 Rxd5 59. Re2
Rd3+ 60. Re3 Rxc3 61. Rxc3 Bxc3 62. g4 1/2-1/2

[Event "2.BLW 1617 SF Katernberg - SV Hofheim"]
[Site "?"]
[Date "2017.05.08"]
[Round "9.8"]
[White "Kueppers, Timo"]
[Black "Jeitz, Christian"]
[Result "0-1"]
[WhiteElo "2192"]
[BlackElo "2190"]
[PlyCount "52"]
[EventDate "2017.??.??"]

1. e4 c5 2. Nf3 Nc6 3. d4 cxd4 4. Nxd4 e6 5. Nc3 a6 6. Be3 Nf6 7. Bd3 d5 8.
exd5 exd5 9. O-O Bd6 10. Re1 O-O 11. Qd2 Ng4 12. Nxc6 Bxh2+ 13. Kh1 Qh4 14.
Ne7+ Kh8 15. Nxc8 d4 16. g3 Bxg3+ 17. Kg2 Qh2+ 18. Kf3 dxe3 19. Rxe3 Nxe3 20.
Qxe3 Bc7 21. Ne7 Rae8 22. Ncd5 Bd6 23. Qe4 f5 24. Qe6 Qh3+ 25. Ke2 Bxe7 26.
Nxe7 Qh4 0-1